| 000 | 00713cam a2200253 4500 | ||
|---|---|---|---|
| 001 | M99013 | ||
| 008 | 090401t1999 xxu||||| |||| 00| 0 eng d | ||
| 035 | _a(Sirsi) u93762 | ||
| 041 | _aeng | ||
| 050 | _a692.5 | ||
| 110 |
_aBuilding Cost Information Service _91096 |
||
| 245 | _aCost trends 1999 [wall chart]. | ||
| 260 |
_bBuilding Cost Information Service _c1999 |
||
| 300 | _a1 wall chart : coll. ; 65x50cm. | ||
| 350 | _a10 | ||
| 650 | _aACTIVITY INDICATORS | ||
| 650 | _aBUILDING MAINTENANCE TRENDS | ||
| 650 | _aCOST TRENDS | ||
| 650 | _aELEMENTS OF MAINTENANCE | ||
| 650 | _aBCIS MARKET CONDITIONS INDEX | ||
| 690 | _aBUILT ENVIRONMENT-BUILDING COSTS | ||
| 942 | _n0 | ||
| 948 | _c03/06/1999 | ||
| 999 |
_c97852 _d97852 |
||